TEACHING OF LIFE SCIENCE (Record no. 19905)

MARC details
000 -LEADER
fixed length control field 00236nam a22001217a 4500
003 - CONTROL NUMBER IDENTIFIER
control field SGT
082 ## - DEWEY DECIMAL CLASSIFICATION NUMBER
Item number SHA
100 ## - MAIN ENTRY--PERSONAL NAME
Personal name SHARMA,
245 ## - TITLE STATEMENT
Title TEACHING OF LIFE SCIENCE
260 ## - PUBLICATION, DISTRIBUTION, ETC. (IMPRINT)
Place of publication, distribution, etc DELHI
Name of publisher, distributor, etc APH
Year of Publication 2020
300 ## - PAGE DESCRIPTION
No. of Pages 315
942 ## - ADDED ENTRY ELEMENTS (KOHA)
Source of classification or shelving scheme Dewey Decimal Classification
Koha item type Books
Holdings
Withdrawn status Lost status Source of classification or shelving scheme Damaged status Not for loan Collection code Home library Current library Date acquired Cost, normal purchase price SGTU Bill Number Full call number Accession No. (Barcode) Date last seen Bill Date Koha item type
    Dewey Decimal Classification     EDUCATION SGT Engineering Library SGT Engineering Library 27/04/2020 300.00 SGTU 101 SHA ED4577 27/04/2020 27/04/2020 Books
    Dewey Decimal Classification     EDUCATION SGT Engineering Library SGT Engineering Library 27/04/2020 300.00 SGTU 101 SHA ED4578 27/04/2020 27/04/2020 Books